Zur Lehre von den Erbvertägen...
| Main Author: | |
|---|---|
| Format: | Book |
| Language: | English |
| PhysicalDescription: | 179 s. |
| Published: |
Braunschweig
Verlag der Hofbuchhandlung von Eduard Leibrock
1860
|
MARC
| LEADER | 00000nam a2200000 a 4500 | ||
|---|---|---|---|
| 001 | vtls010092769 | ||
| 003 | SK-MaSNL | ||
| 005 | 20260301172444.0 | ||
| 008 | 240315 000 0 eng | ||
| 040 | |a SNK |b slo |c SNK |e AACR2 | ||
| 100 | 1 | |a Hartmann, Gustav |4 aut |9 541896 | |
| 245 | 1 | |a Zur Lehre von den Erbvertägen... | |
| 260 | |a Braunschweig |b Verlag der Hofbuchhandlung von Eduard Leibrock |c 1860 | ||
| 300 | |a 179 s. | ||
| 999 | |c 833528 |d 835458 | ||
| 952 | |a SNK |b SNK |y VYP |7 0 |p 17A0656379 |o snkIC 45594 |i snkF 430/70 |8 5 |0 0 |1 0 |4 0 |d 2010-05-06 |l 0 |r 2026-02-24 03:45:33 |w 2026-02-24 | ||


